Tourisme et environnement:Faut - il souhaiter une concentration ou une deconcentration touristique?
Αποθηκεύτηκε σε:
| Κύριος συγγραφέας: | |
|---|---|
| Μορφή: | Βιβλίο |
| Γλώσσα: | French |
| Δημοσίευση: |
Paris :
Centre des hautes etudes touristiques,
1974
|
| Σειρά: | Cahiers du tourisme. Serie C ;
; 28 |
| Θέματα: | |
| Ετικέτες: |
Προσθήκη ετικέτας
Δεν υπάρχουν, Καταχωρήστε ετικέτα πρώτοι!
|
MARC
| LEADER | 00000nam a2200000 i 4500 | ||
|---|---|---|---|
| 001 | 1/18911 | ||
| 008 | 960621s1974 fre d | ||
| 035 | |l 10021082 | ||
| 040 | |a GR-MY-UA |b gre |e aacr | ||
| 041 | 0 | |a fre | |
| 082 | 0 | |a 338.4791 | |
| 100 | 1 | |a Bornet, Bernard. | |
| 245 | 1 | 0 | |a Tourisme et environnement:Faut - il souhaiter une concentration ou une deconcentration touristique? / |c B.Bornet |
| 260 | |a Paris : |b Centre des hautes etudes touristiques, |c 1974 | ||
| 300 | |a 110 p. | ||
| 490 | 1 | |a Cahiers du tourisme. Serie C |v ; 28 | |
| 500 | |a Includes bibliography | ||
| 650 | 0 | 0 | |a Tourism. |
| 830 | 0 | |a Cahiers du tourisme. Serie C ; |v ; 28 | |
| 852 | |a INST |b CHIOS |e 19960621 |h 338.4791 BOR |p 005200007613 |q 005200007613 |t BK |y 0 | ||
| 909 | |a Χ |b 032137 | ||